000 01074nam a22002417a 4500
005 20150803163519.0
008 141015s2013 my l 000 0 eng
020 _a9789675412851
040 _aDLC
_cDLC
_dCO-BoIAVH
041 0 _aeng
082 0 4 _a333.95316
_bB52n
111 2 _aBerne declaration, Bread for the World, Ecoropa, Tebtebba and Third World Network
_cNagoya (Japón)
_d2013
245 1 0 _aNagoya Protocol on Access to Genetic Resources and the Fair and Equitable Sharing of Benefits Arising from Their Utilization
_bBackground and Analysis
260 3 _aMalasia:
_bJutaprint,
_c2013.
300 _a155 páginas;
_c24 cm
500 _aIncluye anexos.
500 _aIncluye índice de tablas.
505 _aCap. 1 Introduction. Cap. 2 Background. Cap. 3 Analysis of the Nagoya Protocol. Cap. 4 Deveploment of effective ABS systems. Cap. 5 Conclusion.
650 4 _aRecursos genéticos
_xInvestigación
_xUso
650 6 _aPlantas
_xInvestigación
_xConservación
650 0 _aBiotecnología
_xInvestigación
942 _2ddc
_cLIBRO
999 _c17638
_d17638